[Event "AUTO-OPEN-4194"]
[Site "http://www.queenalice.com/game.php?id=1620146"]
[Date "2020.7.12"]
[Round "1"]
[White "Gosiulkaa"]
[Black "speedmaxL"]
[Result "0-1"]
[WhiteElo "1972"]
[BlackElo "2516"]

1. e4 c5 2. Nf3 d6 3. Nc3 a6 4. Be2 e5 5. d3 Nc6 6. Be3 Nf6 7. O-O Be7 8. Bg5 b5
9. Bxf6 Bxf6 10. h3 Ne7 11. Nd5 Nxd5 12. exd5 O-O 13. c4 bxc4 14. dxc4 e4 15.
Nd2 Re8 16. Rb1 Bg5 17. Nb3 Qe7 18. Re1 e3 19. fxe3 Bxe3+ 20. Kh1 Bf2 0-1

[Event "AUTO-OPEN-4194"]
[Site "http://www.queenalice.com/game.php?id=1620147"]
[Date "2020.7.12"]
[Round "1"]
[White "speedmaxL"]
[Black "Gosiulkaa"]
[Result "1-0"]
[WhiteElo "2490"]
[BlackElo "1858"]

1. c4 e5 2. Nc3 Bb4 3. Nd5 Be7 4. d4 exd4 5. Qxd4 Nf6 6. Nxe7 Qxe7 7. Bg5 Nc6 8.
Qc3 d6 9. Nf3 h6 10. Bh4 Bg4 11. O-O-O O-O-O 12. Nd4 Nxd4 13. Qxd4 g5 14. Bg3
Be6 15. Qxa7 Nd7 16. e4 f5 17. exf5 Bxf5 18. c5 Nxc5 19. Bb5 c6 20. Rhe1 Qf6 21.
Bxc6 bxc6 22. Re7 Rd7 23. Rxd7 Nxd7 24. Rxd6 1-0

[Event "AUTO-OPEN-4194"]
[Site "http://www.queenalice.com/game.php?id=1620148"]
[Date "2020.7.12"]
[Round "1"]
[White "Gosiulkaa"]
[Black "Asspain"]
[Result "0-1"]
[WhiteElo "1994"]
[BlackElo "2165"]

1. e4 Nf6 2. d3 e5 3. Bg5 Be7 4. Nc3 O-O 5. Nf3 Nc6 6. Be2 d6 7. O-O Bg4 8. h3
Bxf3 9. Bxf3 Nd4 10. Bxf6 Bxf6 11. Nd5 c6 12. Nxf6+ Qxf6 13. Be2 Qg5 14. c3 Ne6
15. Bg4 Rae8 16. Bxe6 Rxe6 17. Qf3 f5 18. Qe3 f4 19. Qf3 Rg6 20. Kh1 Rff6 21.
Kh2 Qh4 22. Rg1 Rg5 23. d4 Qh6 24. dxe5 Rxe5 25. Rad1 Rfe6 26. Rd4 b5 27. Rf1 c5
28. Rd5 Rxd5 29. exd5 Re5 30. Rd1 g5 31. b3 Qg6 32. c4 bxc4 33. bxc4 Qc2 34. Qb3
Qxf2 35. Qb8+ Kf7 36. Qxd6 f3 37. Rg1 Qe3 38. gxf3 Qf4+ 39. Kh1 Qxf3+ 40. Rg2
Qxh3+ 41. Kg1 Re1+ 0-1

[Event "AUTO-OPEN-4194"]
[Site "http://www.queenalice.com/game.php?id=1620149"]
[Date "2020.7.12"]
[Round "1"]
[White "Asspain"]
[Black "Gosiulkaa"]
[Result "1-0"]
[WhiteElo "2156"]
[BlackElo "2024"]

1. e4 e5 2. Nf3 d6 3. d4 exd4 4. Nxd4 Nf6 5. Bg5 Be7 6. Nc3 h6 7. Bd2 Nc6 8.
Nxc6 bxc6 9. Be2 O-O 10. O-O Bb7 11. f4 c5 12. Bf3 d5 13. Nxd5 Nxd5 14. exd5
Bxd5 15. Bc3 Bxf3 16. Qxf3 Bf6 17. Rad1 Qe7 18. Rfe1 Bd4+ 19. Bxd4 Qh4 20. g3
Qh3 21. Bxc5 Rfe8 22. Rxe8+ Rxe8 23. Bxa7 Re6 24. Bf2 g6 25. Rd8+ Kg7 26. Qc3+
Rf6 27. Bd4 1-0

[Event "AUTO-ADV-4324"]
[Site "http://www.queenalice.com/game.php?id=1621820"]
[Date "2020.7.27"]
[Round "2"]
[White "Fauquinelle"]
[Black "Gosiulkaa"]
[Result "1-0"]
[WhiteElo "1786"]
[BlackElo "1985"]

1. c4 e5 2. g3 Nf6 3. Bg2 Bc5 4. e3 d5 5. cxd5 Nxd5 6. Qb3 c6 7. Nc3 Nxc3 8.
bxc3 O-O 9. d4 exd4 10. cxd4 Bb6 11. Bd2 Be6 12. Qd3 Nd7 13. Nf3 Qf6 14. O-O
Rad8 15. a4 Nc5 16. Qc2 Bd5 17. dxc5 Bc7 18. e4 Be6 19. Bg5 Qg6 20. Bxd8 Rxd8
21. Rfd1 Rxd1+ 22. Rxd1 h6 23. Nd4 Bd7 24. Nf5 Bxf5 25. exf5 Qf6 26. Re1 Qd4 27.
Re8+ Kh7 28. Re7 Qd8 29. Rxf7 Kg8 30. Qb3 1-0

[Event "AUTO-ADV-4324"]
[Site "http://www.queenalice.com/game.php?id=1621821"]
[Date "2020.7.27"]
[Round "2"]
[White "Gosiulkaa"]
[Black "Fauquinelle"]
[Result "1-0"]
[WhiteElo "1961"]
[BlackElo "1826"]

1. e4 e5 2. Nf3 Nc6 3. Bc4 Bc5 4. O-O d6 5. d3 Bg4 6. Be3 b6 7. Bxc5 bxc5 8. Bd5
Qd7 9. Nbd2 Nf6 10. Bxc6 Qxc6 11. h3 Be6 12. b3 O-O 13. c3 a5 14. d4 cxd4 15.
cxd4 Nxe4 16. dxe5 Nxd2 17. Qxd2 d5 18. Nd4 Qd7 19. Nxe6 fxe6 20. Rac1 Rfc8 21.
Rc5 a4 22. b4 c6 23. a3 Rab8 24. Rfc1 Rb5 25. Rxb5 cxb5 26. Rc5 Rxc5 27. bxc5
Qc7 28. Qd4 Qc6 29. f4 g6 30. Kf2 Qe8 31. Qc3 Qc6 32. Ke3 Kg7 33. Kd4 Kf7 34.
Qa5 Kg7 35. Qb6 Qe8 36. c6 Qe7 37. Qb7 1-0

[Event "AUTO-ADV-4324"]
[Site "http://www.queenalice.com/game.php?id=1621827"]
[Date "2020.7.27"]
[Round "2"]
[White "OzzyOzPawn"]
[Black "Gosiulkaa"]
[Result "1-0"]
[WhiteElo "1960"]
[BlackElo "1970"]

1. e4 e5 2. Nf3 Nc6 3. Bc4 Nf6 4. Ng5 d5 5. exd5 Na5 6. d3 Nxc4 7. dxc4 Bc5 8.
Nc3 h6 9. Nge4 Bb4 10. Bd2 Nxe4 11. Nxe4 Bxd2+ 12. Qxd2 Qh4 13. Ng3 O-O 14.
O-O-O Qxc4 15. b3 Qc5 16. Ne4 Qa3+ 17. Kb1 Bf5 18. f3 Rad8 19. g4 Bxe4 20. fxe4
Rd6 21. c4 Ra6 22. h4 Rd8 23. h5 Rdd6 24. Rh2 Rdb6 25. Qc3 Qxa2+ 26. Rxa2 1-0

[Event "AUTO-ADV-4324"]
[Site "http://www.queenalice.com/game.php?id=1621828"]
[Date "2020.7.27"]
[Round "2"]
[White "Gosiulkaa"]
[Black "Sirius"]
[Result "1-0"]
[WhiteElo "1968"]
[BlackElo "1658"]

1. e4 c6 2. Nf3 d6 3. d4 b5 4. c4 Qa5+ 5. Bd2 b4 6. a3 Na6 7. Qb3 Qb6 8. axb4
Rb8 9. c5 dxc5 10. dxc5 Nxc5 11. Qc4 Ne6 12. Be2 g6 13. O-O Bg7 14. Nc3 Nf6 15.
Ne5 Qxb4 16. Qxc6+ Bd7 17. Nxd7 Nxd7 18. Rxa7 Nc5 19. Be3 O-O 20. Nd5 Qxe4 21.
Rxd7 Nxd7 22. Qxd7 Rxb2 23. Bf3 Qe5 24. Qxe7 Qxe7 25. Nxe7+ Kh8 26. Rd1 Bf6 27.
Nd5 Kg7 28. Nxf6 Kxf6 29. Bd4+ Kf5 30. Bxb2 Rb8 31. g4+ Kf4 32. Bd5 Rxb2 33. h3
f5 34. Bg8 h5 35. gxf5 gxf5 36. Kg2 h4 37. Rd4+ Kg5 38. Kf3 Rb7 39. Rd5 Rb3+ 40.
Kg2 Kf4 41. Be6 Rb4 42. Rxf5+ Ke4 43. Rh5 Kd3 44. Bg4 Rxg4+ 45. Kh2 Rf4 46. Kg2
Ke2 47. Re5+ Kd3 48. Re8 Rd4 49. Kf3 Kc2 50. Re4 Rd3+ 51. Re3 Kd2 52. Rxd3+ Kxd3
53. Kg4 Ke2 54. f4 Ke3 55. f5 Ke4 56. f6 1-0

[Event "AUTO-ADV-4324"]
[Site "http://www.queenalice.com/game.php?id=1621829"]
[Date "2020.7.27"]
[Round "2"]
[White "Sirius"]
[Black "Gosiulkaa"]
[Result "0-1"]
[WhiteElo "1645"]
[BlackElo "2022"]

1. d4 d5 2. Bf4 Nf6 3. e3 e6 4. c3 Bd6 5. Bg5 h6 6. Bxf6 Qxf6 7. Qa4+ Bd7 8. Qb3
Bc6 9. a4 Nd7 10. Nd2 O-O 11. a5 e5 12. Ngf3 e4 13. Ng1 a6 14. f4 Rab8 15. Ne2
Bb5 16. g3 c5 17. dxc5 Nxc5 18. Qd1 Nd3# 0-1

[Event "AUTO-OPEN-4208"]
[Site "http://www.queenalice.com/game.php?id=1625512"]
[Date "2020.8.31"]
[Round "1"]
[White "Gosiulkaa"]
[Black "Fauquinelle"]
[Result "0-1"]
[WhiteElo "1837"]
[BlackElo "1913"]

1. e4 e5 2. Nf3 Nf6 3. d3 Nc6 4. Bg5 Bc5 5. Nc3 h6 6. Bxf6 Qxf6 7. Be2 d6 8. Nd5
Qd8 9. O-O Be6 10. c4 Ne7 11. a3 Bxd5 12. exd5 O-O 13. b4 Bb6 14. Rc1 c5 15. h3
Nf5 16. b5 Nd4 17. Nxd4 cxd4 18. a4 Bc5 19. Qd2 a5 20. Bg4 f5 21. Be2 Bb4 22.
Qc2 Rc8 23. g3 g6 24. g4 Qg5 25. f3 Bd2 0-1

[Event "AUTO-OPEN-4208"]
[Site "http://www.queenalice.com/game.php?id=1625513"]
[Date "2020.8.31"]
[Round "1"]
[White "Fauquinelle"]
[Black "Gosiulkaa"]
[Result "1-0"]
[WhiteElo "1899"]
[BlackElo "1851"]

1. e4 e5 2. Bc4 Nf6 3. d3 Bc5 4. Nc3 Bb4 5. Bd2 d6 6. a3 Bxc3 7. Bxc3 Nc6 8. h3
Be6 9. Bxe6 fxe6 10. Nf3 O-O 11. O-O a6 12. Ng5 Qe7 13. Bd2 h6 14. Nf3 d5 15.
Re1 dxe4 16. dxe4 Rad8 17. Qe2 Nd4 18. Nxd4 exd4 19. Bb4 Qd7 20. Bxf8 Rxf8 21.
Rad1 e5 22. c3 c5 23. Qc4+ Rf7 24. Qxc5 1-0

[Event "AUTO-OPEN-4208"]
[Site "http://www.queenalice.com/game.php?id=1625514"]
[Date "2020.8.31"]
[Round "1"]
[White "Gosiulkaa"]
[Black "Artking"]
[Result "0-1"]
[WhiteElo "1914"]
[BlackElo "1960"]

1. e4 b6 2. Nf3 Bb7 3. d3 f5 4. exf5 Nf6 5. Bg5 h6 6. Bxf6 exf6 7. Be2 Bc5 8.
O-O Nc6 9. Nc3 Qe7 10. Re1 O-O-O 11. h3 Ne5 12. Nxe5 Qxe5 13. Bf3 Bd6 14. Rxe5
Bxe5 15. Bxb7+ Kxb7 16. Qf3+ c6 17. Re1 Rhe8 18. Kf1 d5 0-1

[Event "AUTO-OPEN-4208"]
[Site "http://www.queenalice.com/game.php?id=1625515"]
[Date "2020.8.31"]
[Round "1"]
[White "Artking"]
[Black "Gosiulkaa"]
[Result "1-0"]
[WhiteElo "1945"]
[BlackElo "1929"]

1. e4 e5 2. Nf3 Nc6 3. Bb5 d6 4. c3 Bd7 5. d3 Nf6 6. O-O Be7 7. Nbd2 a6 8. Ba4
O-O 9. h3 b5 10. Bb3 h6 11. d4 exd4 12. cxd4 Na5 13. Bc2 Nc4 14. b3 Nxd2 15.
Bxd2 c5 16. e5 dxe5 17. dxe5 Nh7 18. Be3 1-0

[Event "AUTO-OPEN-4208"]
[Site "http://www.queenalice.com/game.php?id=1625516"]
[Date "2020.8.31"]
[Round "1"]
[White "Gosiulkaa"]
[Black "oevidalr"]
[Result "0-1"]
[WhiteElo "1880"]
[BlackElo "1822"]

1. e4 e5 2. Nf3 Nc6 3. d4 f6 4. dxe5 fxe5 5. Bb5 d6 6. O-O Bd7 7. Nc3 a6 8. Bxc6
Bxc6 9. Re1 Be7 10. h3 Nf6 11. Bg5 h6 12. Bxf6 Bxf6 13. Nd5 Bxd5 14. exd5 O-O
15. c4 b5 16. b3 bxc4 17. bxc4 Rb8 0-1

[Event "AUTO-OPEN-4208"]
[Site "http://www.queenalice.com/game.php?id=1625517"]
[Date "2020.8.31"]
[Round "1"]
[White "oevidalr"]
[Black "Gosiulkaa"]
[Result "1-0"]
[WhiteElo "1802"]
[BlackElo "1900"]

1. e4 e5 2. Nf3 Nc6 3. Nc3 Bb4 4. Bb5 Bxc3 5. bxc3 a6 6. Bxc6 bxc6 7. Nxe5 Qe7
8. d4 Bb7 9. c4 Nf6 10. Bg5 h6 11. Bxf6 Qxf6 12. Qg4 d6 13. Qd7+ Kf8 14. Ng4 Qe7
15. Qf5 Bc8 16. Qf3 Bxg4 17. Qxg4 1-0

[Event "AUTO-MASTER-2996"]
[Site "http://www.queenalice.com/game.php?id=1628677"]
[Date "2020.10.1"]
[Round "1"]
[White "Gosiulkaa"]
[Black "Faster"]
[Result "0-1"]
[WhiteElo "1862"]
[BlackElo "2384"]

1. e4 c5 2. Nf3 d6 3. d4 cxd4 4. Nxd4 Nf6 5. Nc3 a6 6. Bg5 e6 7. g3 h6 8. Bxf6
Qxf6 9. Bg2 Nc6 10. Nxc6 bxc6 0-1

[Event "AUTO-ADV-4334"]
[Site "http://www.queenalice.com/game.php?id=1628705"]
[Date "2020.10.1"]
[Round "2"]
[White "MarcosT"]
[Black "Gosiulkaa"]
[Result "1-0"]
[WhiteElo "1949"]
[BlackElo "1945"]

1. e4 e5 2. Nf3 Nc6 3. Bb5 Bc5 4. c3 d6 5. d4 exd4 6. Nxd4 Bxd4 7. cxd4 Bd7 8.
d5 Ne5 9. Bxd7+ Qxd7 10. O-O Nf6 11. Re1 O-O 12. Nc3 Rad8 13. Bg5 Qe7 14. Qb3 b6
15. Ne2 1-0